000 00519nam a2200169 i 4500
001 52197
003 ES-MaACL
005 20230906162536.0
007 t|
008 030826s1966 sp ||||1| spa d
100 1 _aChauchard, Paul.
_938194
245 1 0 _aVicios de las virtudes, virtudes de los vicios /
_cPaul Chauchard ; [traducido por José Jiménez Lozano].
260 _aMadrid :
_bFax,
_c1966.
300 _a231 p. ;
_c20 cm.
700 1 _aJiménez Lozano, José.
_966552
852 _aES-MaACL
_jC-29288
_bR.59808
999 _c52197
_d52197